| 000 | 00473nam a22001577a 4500 | ||
|---|---|---|---|
| 003 | SGT | ||
| 020 | _a9788126132072 | ||
| 082 | _a910.68 | ||
| 100 | _aCHAUDHARY, MANJULA | ||
| 245 |
_aTOURISM DEVELOPMENT _bIMPACTS AND STARTEGIES |
||
| 260 |
_aNE DELHI _bANMOL PUBLICATIONS _c2007 |
||
| 300 | _a335 | ||
| 650 | _aTOURISM DEVELOPMENT | ||
| 653 | _aTOURISM DEVELOPMENT,TOURISM IMPACTS,STRATEGIES AND SUSTAINABILITY, INFORMATION TECHNOLOGY AND TOURISM | ||
| 942 |
_2ddc _cFCM |
||
| 999 |
_c9184 _d9184 |
||